| 000 -Etiqueta do registo | |
|---|---|
| campo de controlo de comprimento fixo | 00949nam a2200301 4500 |
| 001 - Identificador do registo | |
| Campo de controlo | 75050 |
| 010 ## - ISBN | |
| Número (ISBN) | 9789896262181 |
| 021 ## - Nº depósito legal | |
| Código do país | Portugal |
| Número | 308151/10 |
| 100 ## - Dados Gerais de Proc. | |
| Dados gerais de processamento | 20110429d2010 m y0pory5003 ba |
| 101 0# - Língua da publicação | |
| Língua do texto, banda sonora, etc. | Português |
| 102 ## - País de Publicação | |
| País de publicação | Portugal |
| 105 ## - Dados Codif. Livros | |
| Dados codificados dos livros | a z 001yy |
| 106 ## - Atributos Físicos | |
| Dados codificados do material textual | r |
| 200 1# - Título | |
| Título próprio | Cozinha para quem não tem tempo |
| Primeira menção de responsabilidade | Mafalda Pinto Leite |
| Outras menções de responsabilidade | fot. Nuno Correia |
| -- | prod. Ana Trancoso |
| -- | rev. Sofia Graça Moura |
| 205 ## - Menção da edição | |
| Menção da edição | 1<U+00AA> ed |
| 210 #9 - Publicação, Distribuição | |
| Lugar da edição, distribuição, etc. | Lisboa |
| Nome do editor, distribuidor, etc. | A Esfera dos livros, |
| Data da publicação, distribuição, etc. | 2010 |
| 215 ## - Descrição física | |
| Descrição física | 329, [2] p. |
| Outras indicações físicas | il. |
| Dimensões | 24 cm |
| 675 ## - CDU | |
| Notação | 641 |
| Edição | BN |
| Língua da edição | Português |
| 700 #1 - Responsabilidade principal | |
| Palavra de ordem | Leite, |
| Outra parte do nome | Mafalda Pinto |
| 702 #1 - Responsabilidade secundária | |
| Palavra de ordem | Moura, |
| Outra parte do nome | Sofia Graça |
| Código de função | Crítico |
| 702 #1 - Responsabilidade secundária | |
| Koha Internal Code | 2 |
| Palavra de ordem | Correia, |
| Outra parte do nome | Nuno |
| Código de função | Fotógrafo |
| 702 #1 - Responsabilidade secundária | |
| Palavra de ordem | Ascensão, |
| Outra parte do nome | Ana Trancoso |
| Código de função | Autor |
| 801 #0 - Fonte de origem | |
| País | Portugal |
| Agência | BN |
| Regras de catalogação | RPC |
| 090 ## - Números de controlo do sistema (Koha) | |
| Número biblioitem do Koha (gerado automaticamente) | 75050 |
| 942 ## - Elementos de entrada adicionados (Koha) | |
| Tipo de item no Koha | Monografias |
| Suprimido | Disponível no OPAC |
| Removido (estado) | Perdido (estado) | Data de aquisição | Origem do registo (biblioteca) (codificado) | Código da organização que empresta ou é detentora (biblioteca) | Código de barras | Número de inventário | Cota | Tipo de circulação (não pode ser emprestado) | Tipo de item e material |
|---|---|---|---|---|---|---|---|---|---|
| Disponível | Disponível | 2025-10-30 | Biblioteca EB23 D. Manuel I | Biblioteca EB23 D. Manuel I | BEBDMI9434 | 9434 | 641 LEI | Normal | Monografias |